000 00662cab a2200241 4500
001 WB3006-03
008 090401t1994 xxu||||| |||| 00| 0 eng d
035 _a(Sirsi) u66955
041 _aeng
245 _aHome starts at highest since 1989
260 _c1994
350 _a0
490 _aFinancial Times
_v8 February 1994, 14(1)
520 _aDoE figures show that the number of new houses under construction in 1993 was the highest since 1989.
650 _aHOUSE BUILDING
650 _aNEW STARTS
650 _aPRIVATE SECTOR
650 _aSTARTS
650 _aSTATISTICS
690 _aBUILT ENVIRONMENT
942 _n0
948 _c04/03/1997
999 _c41855
_d41855